Jedi Fallen Order Enemies - Statistics

General Stats
  • This quiz has been taken 79 times
  • The average score is 18 of 47
Answer Stats
Faction Type Enemy % Correct
Imperial Ranged Stormtrooper/Snowtrooper
89%
Imperial Final Boss Darth Vader
86%
Imperial Melee Scout Trooper
78%
Imperial Boss The Ninth Sister
78%
Imperial Boss The Second Sister
78%
Imperial Vehicle AT-ST
68%
Imperial Ranged AT-ST Driver
68%
Bogano Large Fauna Oggdo
55%
Imperial Small Droid Probe Droid
54%
Imperial Medium Droid Security Droid
54%
Imperial Melee Purge Trooper Electrostaff Purge Trooper
52%
Imperial Ranged Stormtrooper Commander
52%
Imperial Melee Scout Trooper Commander
51%
Bogano Legendary Fauna Oggdo Bogdo
49%
Imperial Melee Purge Trooper Electrobaton Purge Trooper
45%
Imperial Ranged Flametrooper
43%
Imperial Ranged Purge Trooper Purge Trooper Commander
43%
Dathomir Boss Taron Malicos
43%
Imperial Melee Purge Trooper Electrohammer Purge Trooper
42%
Zeffo Large Fauna Jotaz
35%
Dathomir Melee Undead Nightsister
34%
Imperial Ranged Rocket Launcher Trooper
32%
Kashyyyk Large Fauna Wyyyschokk
32%
Bogano Small Fauna Bog Rat
29%
Zeffo Small Fauna Scazz
29%
Kashyyyk Legendary Fauna Albino Wyyyschokk
28%
Dathomir Ranged Nightbrother Archer
26%
Haxion Brood Mini-Boss Haxion Brood Bounty Hunter
25%
Dathomir Large Fauna Lesser Nydak
25%
Dathomir Melee Nightbrother Warrior
25%
Zeffo Legendary Fauna Rabid Jotaz
25%
Dathomir Boss Gorgara
22%
Haxion Brood Mini-Boss Haxion Brood Bounty Droid
22%
Dathomir Legendary Fauna Nydak Alpha
22%
Zeffo Flora Skungus
22%
Zeffo Large Droid Tomb Guardian
22%
Imperial Small Droid Imperial Astromech
20%
Zeffo Medium Fauna Phillak
20%
Kashyyyk Small Fauna Flame Beetle
18%
Haxion Brood Mini-Boss Haxion Brood Commando
18%
Imperial Ranged Heavy Assault Trooper
18%
Kashyyyk Medium Fauna Slyyg
18%
Bogano Small Fauna Splox
18%
Dathomir Small Fauna Bane Back Spider
17%
Kashyyyk Medium Fauna Mykal
15%
Kashyyyk Flora Jaw Plant
14%
Kashyyyk Flora Saava
12%
No matching quizzes found
Score Distribution
Percent of People with Each Score
Percentile by Number Answered
Your Score History
You have not taken this quiz